| 000 | 00377nam a2200121 4500 | ||
|---|---|---|---|
| 999 |
_c7392 _d7392 |
||
| 008 | 161021b xxu||||| |||| 00| 0 eng d | ||
| 082 |
_2Apr - June 2016, v. 187 n. 12-24 _aDPer 050 _bT48 |
||
| 245 | _aTime. | ||
| 260 |
_aHong Kong: _bTime Asia, _cApr - June 2016. |
||
| 300 |
_avarious paging: _bcolor illustrations; _c27 cm. |
||
| 650 | 0 |
_922454 _aTime _vPeriodicals |
|
| 942 |
_2ddc _cPER |
||